Metaphysics : (Record no. 5644)

MARC details
000 -LEADER
fixed length control field 01295cam a22003134a 4500
001 - CONTROL NUMBER
control field 12408287
005 - DATE AND TIME OF LATEST TRANSACTION
control field 20060818071539.0
008 - FIXED-LENGTH DATA ELEMENTS--GENERAL INFORMATION
fixed length control field 010515s1998 nyu b 001 0 eng
010 ## - LIBRARY OF CONGRESS CONTROL NUMBER
LC control number 2001031996
020 ## - INTERNATIONAL STANDARD BOOK NUMBER
International Standard Book Number 0415261066 (hb : alk. paper)
020 ## - INTERNATIONAL STANDARD BOOK NUMBER
International Standard Book Number 0415261074 (pb)
040 ## - CATALOGING SOURCE
Original cataloging agency DLC
Transcribing agency DLC
Modifying agency DLC
042 ## - AUTHENTICATION CODE
Authentication code pcc
050 00 - LIBRARY OF CONGRESS CALL NUMBER
Classification number BD131
Item number .L83 1998
100 1# - MAIN ENTRY--PERSONAL NAME
Personal name Loux, Michael J.
245 10 - TITLE STATEMENT
Title Metaphysics :
Remainder of title a contemporary introduction /
Statement of responsibility, etc Michael J. Loux.
250 ## - EDITION STATEMENT
Edition statement 2nd ed.
260 ## - PUBLICATION, DISTRIBUTION, ETC. (IMPRINT)
Place of publication, distribution, etc New York :
Name of publisher, distributor, etc Routledge,
Date of publication, distribution, etc 1998.
300 ## - PHYSICAL DESCRIPTION
Extent xiii, 303 p. ;
Dimensions 25 cm.
440 #0 - SERIES STATEMENT/ADDED ENTRY--TITLE
Title Routledge contemporary introductions to philosophy
504 ## - BIBLIOGRAPHY, ETC. NOTE
Bibliography, etc Includes bibliographical references and index.
650 #0 - SUBJECT ADDED ENTRY--TOPICAL TERM
Topical term or geographic name as entry element Metaphysics.
856 41 - ELECTRONIC LOCATION AND ACCESS
Materials specified Table of contents only
Uniform Resource Identifier <a href="http://www.loc.gov/catdir/toc/fy0609/2001031996.html">http://www.loc.gov/catdir/toc/fy0609/2001031996.html</a>
856 42 - ELECTRONIC LOCATION AND ACCESS
Materials specified Publisher description
Uniform Resource Identifier <a href="http://www.loc.gov/catdir/enhancements/fy0650/2001031996-d.html">http://www.loc.gov/catdir/enhancements/fy0650/2001031996-d.html</a>
906 ## - LOCAL DATA ELEMENT F, LDF (RLIN)
a 7
b cbc
c orignew
d 1
e ocip
f 20
g y-gencatlg
942 ## - ADDED ENTRY ELEMENTS (KOHA)
Source of classification or shelving scheme Library of Congress Classification
Item type Book
Holdings
Withdrawn status Lost status Source of classification or shelving scheme Damaged status Not for loan Home library Current library Shelving location Date acquired Total Checkouts Full call number Barcode Date last borrowed Price effective from Koha item type
    Library of Congress Classification     Nairobi Campus Nairobi Campus General Circulation 08/10/2009 1 BD131 .L83 1998 011463 18/02/2014 08/10/2009 Book